| 000 | 00560nam a2200157Ia 4500 | ||
|---|---|---|---|
| 008 | 210716s2015 xx 000 0 und d | ||
| 020 | _a9789332540361 | ||
| 041 | _aeng | ||
| 082 | _a005.768 AGNV | ||
| 100 | _aAgneeswaran, Vijay Srinivas. | ||
| 245 |
_aBig data analytics beyond hadoop: real time applications with storm spark and more hadoop alternatives. _bReal time applications with storm spark and more hadoop alternatives. |
||
| 250 | _a1 | ||
| 260 |
_aNew Delhi _bPearson Education _c2015 |
||
| 300 | _axvi,216 | ||
| 650 | _aDecision making(658.403) | ||
| 999 |
_c196122 _d196122 |
||